| 000 | 01438cam a2200229Mi 4500 | ||
|---|---|---|---|
| 001 | 991027231407407026 | ||
| 003 | UkOxU | ||
| 005 | 20251120175601.0 | ||
| 008 | 241107s2025 enk d 000 f eng d | ||
| 020 |
_a9780702340574 _q(hbk.) |
||
| 035 | _a(OCoLC)1504421850 | ||
| 035 | _a(OCoLC)on1504421850 | ||
| 040 |
_aUKYRK _beng _erda _cUKYRK _dUkOxU |
||
| 100 |
_aCollins, Suzanne _eauthor. _925035 |
||
| 245 | 1 | 0 |
_aSunrise on the reaping _c/ Suzanne Collins. |
| 264 | 1 |
_aLondon : _bScholastic, _c2025. |
|
| 300 |
_a416 pages ; _c24 cm. |
||
| 490 | 1 | _xV | |
| 520 | 8 | _aAs the day dawns on the fiftieth annual Hunger Games, fear grips the districts of Panem. This year, in honour of the Quarter Quell, twice as many tributes will be taken from their homes. Back in District 12, Haymitch Abernathy is trying not to think too hard about his chances. All he cares about is making it through the day and being with the girl he loves. When Haymitch's name is called, he can feel all his dreams break. He's torn from his family and his love, shuttled to the Capitol with the three other District 12 tributes: a young friend who's nearly a sister to him, a compulsive oddsmaker, and the most stuck-up girl in town. As the Games begin, Haymitch understands he's been set up to fail. But there's something in him that wants to fight - and have that fight reverberate far beyond the deadly arena. | |
| 655 | 0 |
_aScience fiction _922728 |
|
| 942 | _2lcc | ||
| 999 |
_c4587 _d4587 |
||